000
00246nam a2200097Ia 4500
001
643412
005
20250826153545.0
008
250824s9999 xx 000 0 und d
245
0
_a
KAYIP ALTMIŞ YEDİLER
_c
MEHMET BALTAOĞLU
260
_b
GENÇ TİMAŞ
999
_c
643412
_d
643412